000 00469nam a2200181Ia 4500
005 20250923144539.0
008 008 250917s9999 xx 000 0 eng d
037 _aTextual
040 _aDSWL
_beng
_cDSWL
041 _aeng
_2eng
084 _qDSWL
100 _aFine, B
_9825977
245 0 _a1,000,000 Delinquents
_cby B Fine
260 _aLondon
_bVictor Gallancy Ltd
_c1956
300 _a377p.
942 _cTEXL
999 _c1440303
_d1440303